Výslovnosť desiatich európskych jazykov Praktická príručka
Guardado en:
| Autor principal: | |
|---|---|
| Formato: | Libro |
| Lenguaje: | eslovaco |
| Publicado: |
Košice
CASP
1995
|
| Edición: | 1. vyd. |
| Materias: | |
| Etiquetas: |
Sin Etiquetas, Sea el primero en etiquetar este registro!
|
MARC
| LEADER | 00000nam a2200000 4500 | ||
|---|---|---|---|
| 001 | c009913 | ||
| 005 | 20221214073020.4 | ||
| 020 | |a 80-967259-0-4 | ||
| 041 | 0 | |a slo | |
| 044 | |a SK | ||
| 245 | 1 | 0 | |a Výslovnosť desiatich európskych jazykov |b Praktická príručka |c Ladislav Kučera |
| 250 | |a 1. vyd. | ||
| 264 | 1 | |a Košice |b CASP |c 1995 | |
| 300 | |a 186 s. | ||
| 610 | 2 | 0 | |a jazykoveda |
| 610 | 2 | 0 | |a angličtina |
| 610 | 2 | 0 | |a nemčina |
| 610 | 2 | 0 | |a francúzština |
| 610 | 2 | 0 | |a švédčina |
| 610 | 2 | 0 | |a holandčina |
| 610 | 2 | 0 | |a taliančina |
| 610 | 2 | 0 | |a španielčina |
| 610 | 2 | 0 | |a maďarčina |
| 610 | 2 | 0 | |a ruština |
| 610 | 2 | 0 | |a poľština |
| 100 | 1 | |a Kučera, Ladislav | |